| 000 | 00846nam a22002177a 4500 | ||
|---|---|---|---|
| 999 |
_c2536 _d2536 |
||
| 003 | AR-CdUCM | ||
| 008 | 190304b ||||| |||| 00| 0 spa d | ||
| 040 |
_aMUNICIPALIDAD PROVINCIAL DEL CUSCO _cBIBLIOTECA MUNICIPAL DEL CUSCO |
||
| 082 |
_a331.214 / _bM77 |
||
| 100 |
_aMontmollin, M. De _98988 |
||
| 245 | _aNuevas perspectivas en el estudio del trabajo / | ||
| 260 |
_aBuenos Aires : _bTroquel, _c1964. |
||
| 300 |
_a134 paginas ; _c21 cm. |
||
| 505 | _aEl trabajo considerado como una unidad -- La comunicación entre el hombre y la maquina -- Procedimiento practico para el estudio de los puestos -- Técnicas de los estudios de puestos ... | ||
| 650 |
_aComunicación _94985 |
||
| 650 |
_aPsicología industrial _98989 |
||
| 650 |
_aMetodología _92264 |
||
| 700 |
_aAguirre, Raúl Gustavo _98990 |
||
| 942 |
_2ddc _cLIBROS |
||
| 945 | _aacv | ||